000 00428cam a2200145 4500
082 0 0 _a620.11
_bSHA
_cL-21 , P-68
100 1 _aShanley, F. R.
_940758
245 1 0 _aMechanics of materials
_c[by] F. R. Shanley.
260 _aNew York,
_bMcGraw-Hill
_c[1967]
300 _axv, 455 p.
_billus.
_c23 cm.
526 _a0
_b0
_c0
_d620_110000000000000_SHA
650 0 _aMCE
_9379
650 0 _aStrength of materials.
_9563
942 _2ddc
_cBK
999 _c545002
_d545002